| 000 | 00744nam a22002297a 4500 | ||
|---|---|---|---|
| 001 | BD-DhSAU 586 | ||
| 003 | BD-DhSAU | ||
| 005 | 20150105193000.0 | ||
| 008 | 150105b1980 ii a|||| |||| 001 0deng d | ||
| 020 | _a8120400682 | ||
| 040 | _cBD-DhSAU | ||
| 082 |
_222 _a631.521 _bAGS |
||
| 100 | _aAgrawal, R. L. | ||
| 245 |
_aSeed technology / _cR. L. Agrawal |
||
| 260 |
_aNew Delhi : _bOxford & IBH Publishing Co. ; _cc1980. |
||
| 300 |
_ax, 685 p. : _bill. ; _c22 cm. |
||
| 504 | _aIncludes bibliographical references & index. | ||
| 590 | _aJerin | ||
| 650 | _aAgronomy | ||
| 650 | _aSeed technology | ||
| 856 | _uhttps://books.google.com.bd/books?id=LlswNUrd-28C&dq=Seed+technology&hl=en&sa=X&ei=eVyqVP_HKI6BuwT_74LoBw&redir_esc=y | ||
| 942 |
_2ddc _cBOOK |
||
| 999 |
_c586 _d586 |
||